QCM: Culture Générale du Football #4: Real Madrid - Statistiques

Statistiques générales
  • Ce quiz a été pris 8 151 fois
  • Le résultat moyen est 12 sur 25
Statistiques - réponses
Question Réponse % Correct
Dans quel stade évolue-t-il? Santiago Bernabéu
96%
Contre quelle équipe joue-t-elle le célèbre "Classico"? FC Barcelone
95%
Quel joueur est le meilleur buteur de l'Histoire du club? Cristiano Ronaldo
90%
Quelles sont les couleurs du Real Madrid Blanc
89%
Qui était l'entraîneur pendant la saison 2017/2018? Zinédine Zidane
88%
Lequel de ces surnoms ne désigne pas le Real Madrid? Los Millionarios
74%
Quel joueur est le transfert SORTANT le plus cher de l'histoire du club? Cristiano Ronaldo
65%
Son stade est nommé en l'honneur... D'un ancien joueur devenu par la suite président du club
63%
Combien de Champions League le Real a-t-il remporté (au 14/01/2019)? 13
62%
Lequel de ces joueurs n'a jamais joué au Real? Rivaldo
55%
Quel joueur est le transfert ENTRANT le plus cher de l'histoire du club? Gareth Bale
45%
Quelle est la date à laquelle le Real Madrid fut fondé? 6 mars 1902
44%
Quel exploit n'est pas attribué au Real Madrid? Vainqueur du premier Championnat d'Espagne professionnel
40%
Quelle équipe n'a jamais battu le Real Madrid lors d'une finale d'une compétition européenne? Juventus
39%
Quel joueur n'a pas remporté le Ballon d'Or sous les couleurs du Real Madrid? Zinédine Zidane
39%
Quel joueur détient le record de présence avec le club? Raul
36%
Quel est le record de Champions League consécutive du Club? 5
35%
Quel compétition n'a jamais été remportée par le Real Madrid? Coupe des vainqueurs des coupes de l'UEFA
27%
Comment s'appelait le groupe de joueur formé autour d'Emilio Butragueño, attaquant phare du Real dans les années 1980? La Quinta del Buitre
26%
Lors de quelle saison le Real Madrid a-t-il gagné son premier titre en Championnat d'Espagne? 1931/32
24%
Quel est le plus grand écart entre deux victoire en Champions League du club? 32 ans
24%
Quelle est la première compétition remportée par le club? Copa Gran Peña
22%
Quel est le record de points acquis par le Real Madrid lors d'une seule saison? 100 points
14%
Quel joueur a remporté le plus de titres avec le Real Madrid? Francisco Gento
8%
Quel est le plus grand écart entre deux victoires en championnat du club? 21 ans
4%
Aucun quiz correspondant
Distribution des résultats
% des personnes avec chaque résultat
Percentile par nombre de réponses
Votre historique - résultats
Vous n’avez pas pris ce quiz